|
|
|
|
| LEADER |
01465nam a22003734a 4500 |
| 001 |
33616 |
| 003 |
BD-DhAAL |
| 005 |
20230525141134.0 |
| 008 |
180809r20131975nyu 000 0 eng |
| 010 |
|
|
|a 2001039463
|
| 020 |
|
|
|a 0060937289
|
| 035 |
|
|
|a (OCoLC)47443860
|
| 040 |
|
|
|a DLC
|c DLC
|d YDX
|d MYG
|d BD-DhAAL
|
| 041 |
1 |
|
|a eng
|
| 042 |
|
|
|a pcc
|
| 049 |
|
|
|a MYGG
|
| 050 |
0 |
0 |
|a PN1031
|b .H38 2001
|
| 082 |
0 |
0 |
|a 808.1
|2 21
|
| 090 |
|
|
|a PN1031.H465 2001
|
| 100 |
1 |
|
|a Heidegger, Martin,
|d 1889-1976.
|9 27793
|
| 245 |
1 |
0 |
|a Poetry, language, thought /
|c Martin Heidegger ; translations and introduction by Albert Hofstadter.
|
| 250 |
|
|
|a 1st Perennial Classics edition 2001
|
| 260 |
|
|
|a New York :
|b Perennial Classics,
|c 2013 [ reissued ]
|
| 300 |
|
|
|a xxv, 227 pages ;
|c 21 cm.
|
| 500 |
|
|
|a Originally published: New York : Harper & Row, 1971.
|
| 505 |
0 |
|
|a The thinker as poet -- The origin of the work of art -- What are poets for? -- Building, dwelling, thinking -- The thing -- Language -- Poetically man dwells.
|
| 526 |
|
|
|a ARC
|
| 541 |
|
|
|a Trim Education
|e 33616
|
| 650 |
|
0 |
|a Poetry.
|9 27794
|
| 650 |
|
0 |
|a Language and languages
|x Philosophy.
|9 27795
|
| 852 |
|
|
|a Ayesha Abed Library
|c General Stacks
|
| 942 |
|
|
|2 ddc
|c BK
|
| 999 |
|
|
|c 39533
|d 39533
|
| 952 |
|
|
|0 0
|1 0
|2 ddc
|4 0
|6 808_100000000000000_HEI
|7 0
|9 64137
|a BRACUL
|b BRACUL
|c GEN
|d 2018-07-30
|e Trim Education
|g 1519.00
|l 4
|m 22
|o 808.1 HEI
|p 3010033616
|r 2026-04-11
|s 2025-11-26
|t 1
|v 1519.00
|w 2018-07-30
|y BK
|